| 000 | nam a22 7a 4500 | ||
|---|---|---|---|
| 999 |
_c219619 _d219619 |
||
| 003 | ASAB | ||
| 005 | 20170215145005.0 | ||
| 008 | 170215b xxu||||| |||| 00| 0 eng d | ||
| 020 | _a1-74114-052-8 | ||
| 040 | _cASAB | ||
| 082 | _a615.32 | ||
| 245 |
_athe constituents of medicinal plants _ban introduction to the chemistry and therapeutics of herbal medicine _candrew pengelly |
||
| 260 |
_achennai _bmicro print _c2006c |
||
| 300 | _a172 p. | ||
| 942 |
_2ddc _cBK |
||